000
00272nam a2200097Ia 4500
001
1172926
005
20250827012604.0
008
250824s9999 xx 000 0 und d
245
0
_a
KARANLIĞA YAKALANMAK
_c
VASSİLKİ NEVROKOPLİ
260
_b
GÜNIŞIGI KİTAPLIĞI YAYINLARI
999
_c
1172926
_d
1172926